| 000 | 00552nam a2200205Ia 4500 | ||
|---|---|---|---|
| 008 | 170918s9999 xx 000 0 und d | ||
| 020 | _a9780375812477 | ||
| 050 | _bH318 2003 | ||
| 100 | _aHarrison, David L. | ||
| 245 | _aJohnny appleseed : my story / | ||
| 245 | _cDavid L. Harrison ; illustrated by Mike Wohnoutka. | ||
| 260 | _aNew York : | ||
| 260 | _bScholastic, | ||
| 260 | _c2003 | ||
| 300 | _a48 pages : | ||
| 300 | _bcolored illustration ; | ||
| 300 | _c23cm. | ||
| 440 | _aStep into reading on your own step 3. | ||
| 500 | _a200 | ||
| 999 |
_c341158 _d341158 |
||